Statistics for Mountains by Map

Click here to take the quiz!

General Stats

  • This quiz has been taken 715 times
    (703 since last reset)
  • The average score is 12 of 18

Answers on the Map

Answers color-coded by a green-red scale on the quiz's map according to % correct below.
 

Answer Stats

Mountains% Correct
Mount Everest
96%
Mount Fuji
91%
K2
90%
Mount Kilimanjaro
90%
Denali
84%
Mont Blanc
84%
Mount Olympus
74%
Matterhorn
72%
Mount Elbrus
72%
Mount Vesuvius
69%
Mount Ararat
67%
Aconcagua
59%
Aoraki
56%
Table Mountain
50%
Mount St. Helens
48%
Mount Logan
40%
Kangchenjunga
25%
Mount Kailash
8%

Score Distribution

Percentile by Number Answered

Percent of People with Each Score

Your Score History

You have not taken this quiz since the last reset